000 01091nam a2200229 4500
001 174548
003 ES-MaACL
005 20250709063227.0
008 100505s1787 sp P |||| | spa d
080 _a27(469.112)"04/14"
100 1 _aFlórez, Enrique,
_d1702-1773
_9142679
240 1 0 _aEspaña sagrada
245 1 0 _aEspaña sagrada.
_nTomo XV,
_pLa provincia antigua de galicia en común, y de su metrópoli, la iglesia de Braga en particular
_b: theatro geographico historico de la Iglesia de España : origen, divisiones, y limites de todas sus Provincias, Antiguedad, Traslaciones, y estado antiguo y presente de sus Sillas, con varias Disertaciones criticas /
_csu autor Henrique Florez.
250 _aSegunda edición.
260 _aMadrid :
_ben la oficina de Pedro Marin,
_c1787.
300 _a[32], 516 p., [1] h. de grab. pleg. ;
_c20 cm.
546 _aTexto en latín entre p. 365-512.
651 4 _aBraga (Distrito)-
_xHistoria eclesiástica.
_9142708
852 4 _aES-MaACL
_jR-1617-69
_x C-16767-818
999 _c174548
_d174548